• 首页
  • 本馆介绍
  • 公告通知
  • 最新文献
  • 馆藏检索
  • 电子资源
  • 读者导购
  • 参考咨询
  • 我的图书馆
  • 登录
  • 详细信息显示
  • 放入我的书架
  • 预约/预借图书
  • 作者相关作品
  • 分类相关作品
  • 丛书相关作品
  • 出版社相关作品

书目信息

  • 表格格式
  • 工作单格式
  • 卡片格式
题名:
费孝通论文化自觉
    
 
作者: 费宗惠 , 张荣华 编
分册:  
出版信息: 呼和浩特   内蒙古人民出版社  2009
页数: 338页
开本: 21cm
丛书名:
单 册:
中图分类: G0-53
科图分类:
主题词: 文化学--文集 , 文化学
电子资源:
ISBN: 978-7-204-09795-1
000 00686nam0 2200229 45
005 20100303111639.68
010    @a978-7-204-09795-1@dCNY29.00
100    @a20100121d2009 ekmy0chiy0120 ea
101 0  @achi
102    @aCN@b150000
105    @ay z 000yy
106    @ar
200 1  @a费孝通论文化自觉@AFei Xiao Tong Lun Wen Hua Zi Jue@f费宗惠,张荣华编@FFei Zong Hui, Zhang Rong Hua Bian
210    @a呼和浩特@c内蒙古人民出版社@d2009
215    @a338页@d21cm
606 0  @a文化学@j文集
606 0  @a文化学
690    @aG0-53@v4
701  0 @a费宗惠@AFei Zong Hui@4编
701  0 @a张荣华@AZhang Rong Hua@4编
801  0 @aCN@bTANGWEI@c20100303
905    @b0585165-69@dG0-53@e82@f5
    
    费孝通论文化自觉/费宗惠,张荣华编.-呼和浩特:内蒙古人民出版社,2009
    338页;21cm
    
    
    ISBN 978-7-204-09795-1:CNY29.00
    
●
相关链接 在E读中查询图书 在五车中查询图书 在当当中查询图书 在豆瓣中查询图书


正题名:费孝通论文化自觉     索取号:G0-53/82         预约/预借

序号 登录号 条形码 馆藏地/架位号 状态 备注
1 0585165   205851657   第一样本阅览室/ [索取号:G0-53/82] 在馆    
2 0585166   205851666   第四借阅区/ [索取号:G0-53/82] 在馆    
3 0585167   205851675   第四借阅区/ [索取号:G0-53/82] 在馆    
4 0585168   205851684   第四借阅区/ [索取号:G0-53/82] 在馆    
5 0585169   205851693   第四借阅区/ [索取号:G0-53/82] 在馆    
唐山师范学院图书馆 欢迎您!
大连网信软件有限公司© 版权所有